Geography Quiz

Random Geography or City Quiz

Capitals That End Alike Quiz Stats

 Plays Quiz Updated Nov 6, 2014

Also try: 'M' Capital Match
Challenge
Share
Tweet
Score 0/20 Timer 05:00
3 Plays Today
% Correct
Portugal
87%
Germany
85.5%
Kuwait
82.4%
Tunisia
82%
Austria
77.7%
Hungary
77.4%
North Korea
76.9%
Turkey
75.3%
Brazil
72.7%
Iraq
71%
% Correct
South Korea
70.9%
Colombia
67.7%
Philippines
66.7%
Jordan
66.7%
United Arab Emirates
63.4%
Chile
63.3%
Moldova
57.6%
Poland
57%
Mozambique
55.4%
Argentina
47.5%

You're not logged in!

Compare scores with friends on all Sporcle quizzes.
Join for Free
OR
Log In

You Might Also Like...

Show Comments

Extras

Top Quizzes Today


Score Distribution

Your Account Isn't Verified!

In order to create a playlist on Sporcle, you need to verify the email address you used during registration. Go to your Sporcle Settings to finish the process.

Report this User

Report this user for behavior that violates our Community Guidelines.

Details: